| 000 | 00553nam a2200193Ia 4500 | ||
|---|---|---|---|
| 999 |
_c1887 _d1887 |
||
| 003 | OSt | ||
| 005 | 20200924123855.0 | ||
| 008 | 190216s9999||||xx |||||||||||||| ||und|| | ||
| 020 | _a9780071316866 | ||
| 040 | _coclc | ||
| 082 |
_a572.8 _bWEA/M |
||
| 100 |
_a Weaver, Robert F _94941 |
||
| 245 | 0 |
_aMolecular Biology / _cRobert F Weaver |
|
| 250 | _a5th Ed. | ||
| 260 |
_bMcGraw Hill Education (india) Private Limited, _c2012. _aNew York: |
||
| 300 | _a892p | ||
| 650 | _aBotany | ||
| 942 |
_cBK _2ddc _h572.8 _iWEA/M _k572.8 _mWEA/M |
||